[Event "Attica-ch U14"]
[Site "Athens"]
[Date "2008.12.27"]
[Round "3"]
[White "Gikas, Hristos"]
[Black "Psaromiligkos, Konstantinos"]
[Result "0-1"]
[WhiteElo "1861"]
[BlackElo "1632"]
[PlyCount "30"]
[EventDate "2008.12.25"]
[EventType "swiss"]
[EventRounds "7"]
[EventCountry "GRE"]
[SourceTitle "EXT 2011"]
[Source "ChessBase"]
[SourceDate "2010.11.26"]
[SourceVersion "1"]
[SourceVersionDate "2010.11.26"]
[SourceQuality "1"]

1. Nf3 c5 2. g3 Nc6 3. Bg2 g6 4. 0-0 Bg7 5. d3 d6 6. e4 e5 7. c3 Nge7 8. Ne1 0-0 9. f4 exf4 10. Bxf4 d5 11. Nd2 d4 12. Qc2 dxc3 13. bxc3 Nb4 14. cxb4 Bxa1 15. Qxc5 Bd4+ 0-1